000 nam a22 7a 4500
999 _c43955
_d43955
003 OSt
005 20180414114133.0
008 180414b xxu||||| |||| 00| 0 eng d
040 _csero soft
100 _aSharma Dr Priyanka
245 _aSanskrit Sem-3
260 _aLucknow
_bThakur Publication
300 _a216
942 _2ddc
_c01